Việt sử giai thoại T.5 62 giai thoại thời Lê Sơ
vv
Đã lưu trong:
| Tác giả chính: | |
|---|---|
| Định dạng: | Sách |
| Năm xuất bản: |
H.
Giáo dục
1995
|
| Phiên bản: | In lần 2 |
| Chủ đề: | |
| Tags: |
Thêm thẻ
Không có thẻ, Hãy là người đầu tiên gắn thẻ bản ghi này!
|
| LEADER | 01857nam a2200265 4500 | ||
|---|---|---|---|
| 082 | |a 959.7026 |b NG527KH | ||
| 100 | |a Nguyễn Khắc Thuần | ||
| 245 | |a Việt sử giai thoại |c Nguyễn Khắc Thuần |n T.5 |p 62 giai thoại thời Lê Sơ | ||
| 250 | |a In lần 2 | ||
| 260 | |a H. |b Giáo dục |c 1995 | ||
| 300 | |a 140tr. |c 21cm | ||
| 520 | |a vv | ||
| 653 | |a Lịch sử | ||
| 653 | |a Việt Nam | ||
| 653 | |a Thời Lê Sơ | ||
| 653 | |a Giai thoại | ||
| 942 | |2 ddc |c STK0 | ||
| 999 | |c 2597 |d 2597 | ||
| 952 | |0 0 |1 0 |2 ddc |4 0 |6 959_702600000000000_NG527KH |7 1 |8 900 |9 32292 |a qbu |b qbu |c D5 |d 2014-12-14 |g 5300 |o 959.7026 NG527KH |p 4168.C1 |r 0000-00-00 |w 2014-12-14 |y STK0 |0 0 |6 959_702600000000000_NG527KH | ||
| 952 | |0 0 |1 0 |2 ddc |4 0 |6 959_702600000000000_NG527KH |7 0 |8 900 |9 32293 |a qbu |b qbu |c D5 |d 2014-12-14 |g 5300 |o 959.7026 NG527KH |p 4168.C2 |r 0000-00-00 |w 2014-12-14 |y STK0 |0 0 |6 959_702600000000000_NG527KH | ||
| 952 | |0 0 |1 0 |2 ddc |4 0 |6 959_702600000000000_NG527KH |7 0 |8 900 |9 32294 |a qbu |b qbu |c D5 |d 2014-12-14 |g 5300 |o 959.7026 NG527KH |p 4168.C3 |r 0000-00-00 |w 2014-12-14 |y STK0 |0 0 |6 959_702600000000000_NG527KH | ||
| 952 | |0 0 |1 0 |2 ddc |4 0 |6 959_702600000000000_NG527KH |7 0 |8 900 |9 32295 |a qbu |b qbu |c D5 |d 2014-12-14 |g 5300 |o 959.7026 NG527KH |p 4168.C4 |r 0000-00-00 |w 2014-12-14 |y STK0 |0 0 |6 959_702600000000000_NG527KH | ||
| 952 | |0 0 |1 0 |2 ddc |4 0 |6 959_702600000000000_NG527KH |7 0 |8 900 |9 32296 |a qbu |b qbu |c D5 |d 2014-12-14 |g 5300 |l 1 |o 959.7026 NG527KH |p 4168.C5 |r 2016-11-01 |s 2016-10-26 |w 2014-12-14 |y STK0 |0 0 |6 959_702600000000000_NG527KH | ||
| 952 | |0 0 |1 0 |2 ddc |4 0 |6 959_702600000000000_NG527KH |7 0 |8 900 |9 32297 |a qbu |b qbu |c D5 |d 2014-12-14 |g 5300 |o 959.7026 NG527KH |p 4168.C6 |r 0000-00-00 |w 2014-12-14 |y STK0 |0 0 |6 959_702600000000000_NG527KH | ||
| 952 | |0 0 |1 0 |2 ddc |4 0 |6 959_702600000000000_NG527KH |7 0 |8 900 |9 32298 |a qbu |b qbu |c D5 |d 2014-12-14 |g 5300 |o 959.7026 NG527KH |p 4168.C7 |r 0000-00-00 |w 2014-12-14 |y STK0 |0 0 |6 959_702600000000000_NG527KH | ||